Sports Quiz

Random Sports or Football Quiz

NFL Draft Picks (1980-2009) Quiz Stats

 Plays Quiz Updated Oct 12, 2018

Score 0/150 Timer 13:00
1 Play Today
Year Player % Correct
2004Eli Manning
89.2%
1998Peyton Manning
89.2%
2009Matthew Stafford
88.8%
2005Alex Smith
88%
2009Jason Smith
87.6%
1999Akili Smith
87.5%
1985Bruce Smith
87.4%
2001Justin Smith
87.3%
1988Neil Smith
87.3%
1983Billy Ray Smith
87.3%
2007Calvin Johnson
85.3%
2003Andre Johnson
84.8%
1996Keyshawn Johnson
84.7%
2006Mario Williams
84.6%
1999Ricky Williams
84.1%
2005Carnell Williams
84.1%
2002Mike Williams
83.9%
2007JaMarcus Russell
82.4%
1997Darrell Russell
81.2%
2008Jake Long
77.7%
2008Chris Long
77.4%
2006Reggie Bush
76%
2004Philip Rivers
73.4%
2008Matt Ryan
71.6%
2006Vince Young
71.3%
2009Mark Sanchez
69.7%
2003Carson Palmer
68.7%
2002David Carr
67.6%
2005Ronnie Brown
65.7%
2000Courtney Brown
65.4%
2007Levi Brown
65.3%
2001Michael Vick
64.5%
1999Tim Couch
61.9%
1999Donovan McNabb
59.5%
2009Tyson Jackson
59.3%
1986Bo Jackson
59.1%
1984Kenny Jackson
58.9%
1998Ryan Leaf
57.8%
1989Troy Aikman
55.9%
2007Joe Thomas
55.8%
1989Derrick Thomas
55.4%
1990Blair Thomas
55.4%
2001LaDainian Tomlinson
53%
1996Cedric Jones
52.9%
1980Johnny Jones
52.9%
1993Marvin Jones
52.9%
2004Larry Fitzgerald
51.3%
2008Darren McFadden
51.1%
1993Drew Bledsoe
48.7%
2003Charles Rogers
48.2%
Year Player % Correct
1981George Rogers
47.9%
1983John Elway
47.9%
2000Jamal Lewis
46.9%
1999Edgerrin James
46.9%
1989Barry Sanders
44.7%
2004Sean Taylor
44.6%
1989Deion Sanders
44.5%
1981Lawrence Taylor
44.5%
2006A.J. Hawk
39.1%
1995Ki-Jana Carter
38.9%
2005Cedric Benson
38.8%
1994Marshall Faulk
38.5%
1990Jeff George
37.3%
2006D'Brickashaw Ferguson
36.5%
1997Orlando Pace
34.7%
2002Joey Harrington
34.7%
2004Robert Gallery
33.7%
2009Aaron Curry
33.5%
2008Glenn Dorsey
33.4%
1987Vinny Testaverde
33.1%
2005Braylon Edwards
32.1%
2002Julius Peppers
31.5%
2000LaVar Arrington
28.8%
2001Leonard Davis
26.2%
1996Simeon Rice
25.8%
2007Gaines Adams
24.8%
1998Charles Woodson
24.1%
1995Steve McNair
22.1%
1993Rick Mirer
21.9%
1988Aundray Bruce
21.5%
1995Kerry Collins
21%
1995Tony Boselli
20.9%
1983Curt Warner
20.8%
1989Tony Mandarich
19.6%
1980Billy Sims
19.4%
1982Kenneth Sims
19.3%
1991Russell Maryland
18.7%
1983Eric Dickerson
18.6%
1992Steve Emtman
18.2%
1996Jonathan Ogden
16.9%
2000Chris Samuels
16.7%
1994Dan Wilkinson
16.4%
1994Heath Shuler
16.1%
1998Curtis Enis
14.7%
1984Irving Fryar
14.3%
2000Peter Warrick
14.3%
2003Terence Newman
13.8%
2003Dewayne Robertson
11.9%
2001Gerard Warren
11.8%
1995Michael Westbrook
10.7%
Year Player % Correct
1997Bryant Westbrook
10.7%
2002Quentin Jammer
10.7%
1992Desmond Howard
10.3%
1991Eric Turner
10.2%
1992Quentin Coryatt
9%
1990Cortez Kennedy
8.4%
1986Jim Everett
8.4%
1998Andre Wadsworth
8.2%
1990Junior Seau
7.8%
1993Garrison Hearst
6.5%
1997Peter Boulware
6.4%
1997Shawn Springs
6.3%
1982Jim McMahon
6.3%
1996Kevin Hardy
6.3%
1984Carl Banks
6.3%
1982Chip Banks
6.3%
1987Cornelius Bennett
6.2%
1980Anthony Munoz
5.8%
1981Freeman McNeil
5.6%
1980Bruce Clark
5.5%
1994Trev Alberts
5.4%
1986Anthony Bell
5%
1994Willie McGinest
4.7%
1983Chris Hinton
4.5%
1991Bruce Pickens
4.2%
1982Art Schlichter
3.5%
1988Bennie Blades
3.5%
1992Terrell Buckley
3.3%
1981Kenny Easley
3.2%
1987Alonzo Highsmith
3.2%
1985Chris Doleman
3.1%
1985Bill Fralic
2.9%
1991Todd Lyght
2.8%
1990Keith McCants
2.8%
1992Sean Gilbert
2.7%
1991Mike Croel
2.6%
1980Curtis Dickey
2.6%
1993John Copeland
2.6%
1985Ray Childress
2.5%
1984Dean Steinkuhler
2.4%
1988Rickey Dixon
2.4%
1986Tony Casillas
2.3%
1986Jon Hand
2.2%
1987Brent Fullwood
2.2%
1984Bill Maas
2.1%
1988Paul Gruber
2.1%
1981E.J. Junior
1.9%
1985Duane Bickett
1.9%
1982Johnie Cooks
1.9%
1987Mike Junkin
1.9%

You're not logged in!

Compare scores with friends on all Sporcle quizzes.
OR
Log In

Sporcle TV

Today on Sporcle TV


Watch our educational content, quiz creation guides, and fun videos on Sporcle TV.

Show Comments

Extras

Top Quizzes Today


Score Distribution

Your Account Isn't Verified!

In order to create a playlist on Sporcle, you need to verify the email address you used during registration. Go to your Sporcle Settings to finish the process.

Report this User

Report this user for behavior that violates our Community Guidelines.

Details: